Southville International School and Colleges
Your cart is empty.
  • Cart
  • Lists
    Public lists Eva Luna New books Lux_list list_1
    Your lists Log in to create your own lists
  • Log in to your account
  • Your cookies
  • Search history
Southville International School and Colleges
  • Advanced search
  • Recent comments
  • Most popular
  • Libraries

Log in to your account

Log in with GOOGLE


If you do not have an external account, but do have a local account, you can still log in:

  1. Home
  2. MARC view: Three wishes (The) /
Normal view MARC view ISBD view

Three wishes (The) / (Record no. 103640)

[ view plain ]
MARC details
000 -LEADER
fixed length control field 00485nam a2200169 a 4500
005 - DATE AND TIME OF LATEST TRANSACTION
control field 20140412111305.0
008 - FIXED-LENGTH DATA ELEMENTS--GENERAL INFORMATION
fixed length control field 010503s19uu xx 00 eng d
020 ## - INTERNATIONAL STANDARD BOOK NUMBER
International Standard Book Number 0-590-41744-4
050 ## - LIBRARY OF CONGRESS CALL NUMBER
Classification number TR(PS E
Item number Th41 1986
100 ## - MAIN ENTRY--PERSONAL NAME
Personal name Salzman, Yuri
245 ## - TITLE STATEMENT
Title Three wishes (The) /
Statement of responsibility, etc pictures by Yuri Salzman; retold by M. Jean Craig.
260 ## - PUBLICATION, DISTRIBUTION, ETC. (IMPRINT)
Place of publication, distribution, etc New York :
Name of publisher, distributor, etc Scholastic Inc,
Date of publication, distribution, etc 1986.
300 ## - PHYSICAL DESCRIPTION
Extent 32p. ; ill.
650 ## - SUBJECT ADDED ENTRY--TOPICAL TERM
Topical term or geographic name as entry element Wishes-Stories
650 ## - SUBJECT ADDED ENTRY--TOPICAL TERM
Topical term or geographic name as entry element Magic-Stories
Holdings
Withdrawn status Lost status Damaged status Home library Current library Shelving location Date acquired Source of acquisition Cost, normal purchase price Total Checkouts Full call number Barcode Date last seen Price effective from Koha item type
      Elizalde Library Elizalde Library Teachers Reference Section 05/03/2001   33.00   TR(PS E Th41 1986 E5654 04/12/2014 04/12/2014 Books

Three wishes (The) /

APA

Salzman Y., . (1986). Three wishes (The). New York: Scholastic Inc.

Chicago

Salzman Yuri, . 1986. Three wishes (The). New York: Scholastic Inc.

Harvard

Salzman Y., . (1986). Three wishes (The). New York: Scholastic Inc.

MLA

Salzman Yuri, . Three wishes (The). New York: Scholastic Inc. 1986.

  • Place hold
  • Print
  • Cite
  • Add to your cart (remove)
  • Save record
    BIBTEX Dublin Core MARCXML MARC (non-Unicode/MARC-8) MARC (Unicode/UTF-8) MARC (Unicode/UTF-8, Standard) MODS (XML) RIS
  • More searches
    Search for this title in:
    Other Libraries (WorldCat) Other Databases (Google Scholar) Online Stores (Bookfinder.com) Open Library (openlibrary.org)

Exporting to Dublin Core...

SOUTHVILLE LIBRARY

Southville International School and Colleges Library

1281 Tropical Ave. Cor. Luxembourg St., BF Homes International, Las Pinas City

Tel. No. 8256374 / 252358 Loc. 117/146

Powered by Koha